| 000 | 00774nam a2200229 i 4500 | ||
|---|---|---|---|
| 001 | 83559 | ||
| 003 | ES-MaACL | ||
| 005 | 20230906174842.0 | ||
| 007 | t| | ||
| 008 | 041117s1986 sp ||||1| spa d | ||
| 020 | _a84-254-1490-3 | ||
| 245 | 0 | 0 |
_aIntroducción a la psicología del niño / _cA. Baudier-Delay... [et al.] ; bajo la dirección de Jean-Adolphe Rondal y Michel Hurtig ; [versión castellana de Luisa Medrano]. |
| 260 |
_aBarcelona : _bHerder, _c1986. |
||
| 300 |
_a727 p. : _bil. ; _c26 cm. |
||
| 500 | _aIndices. | ||
| 504 | _aBibliografía: p. 674-713. | ||
| 700 | 1 |
_aBaudier-Delay, A. _926521 |
|
| 700 | 1 |
_aRondal, Jean-Adolphe. _999505 |
|
| 700 | 1 |
_aHurtig, Michel. _964804 |
|
| 700 | 1 |
_aMedrano, L. _979772 |
|
| 852 |
_aES-MaACL _jL-10375 _bR.112441 |
||
| 999 |
_c83559 _d83559 |
||